000 00397nam a2200157Ia 4500
008 230917s9999||||xx |||||||||||||| ||und||
020 _cRS35
040 _e12234
_aMAIN
041 _aEnglish
082 _a301.44 D35S
100 _aDeb, P C
245 0 _aSocial stratification and mobility in rural setting
260 _aDelhi
_bResearch Publications
_c1975
300 _a119 p.
942 _cBK
999 _c180447
_d180447